书目信息 |
| 题名: |
环境法律责任研究
|
|
| 作者: | 张梓太 著 | |
| 分册: | ||
| 出版信息: | 北京 商务印书馆 2004 |
|
| 页数: | 359页 | |
| 开本: | 20cm | |
| 丛书名: | ||
| 单 册: | ||
| 中图分类: | D922.684 | |
| 科图分类: | ||
| 主题词: | 环境保护法--法律责任--研究--中国 | |
| 电子资源: | ||
| ISBN: | 7-100-03925-8 | |
| 000 | 00758nam0 2200241 450 | |
| 001 | 0900000010583 | |
| 005 | 20051013142509.64 | |
| 010 | @a7-100-03925-8@dCNY20.00 | |
| 092 | @aCN | |
| 100 | @a20040831d2004 ekmy0chiy0120 ea | |
| 101 | 0 | @achi |
| 102 | @aCN@b110000 | |
| 105 | @ay az 000yy | |
| 200 | 1 | @a环境法律责任研究@9huan jing fa lu^ ze ren yan jiu@f张梓太著@Fzhang zi tai zhu |
| 210 | @a北京@c商务印书馆@d2004 | |
| 215 | @a359页@d20cm | |
| 320 | @a有书目 | |
| 330 | @a本书主要内容包括:环境法律责任的基本范畴、环境民事法律责任、环境行政法律责任、环境刑事法律责任。 | |
| 606 | 0 | @a环境保护法@x法律责任@x研究@y中国 |
| 690 | @aD922.684@v4 | |
| 701 | 0 | @a张梓太@Azhang zi tai@4著 |
| 801 | 0 | @aCN@bTSSF@c20051013 |
| 905 | @a10447@dD922.684@e390 | |
| 环境法律责任研究/张梓太著.-北京:商务印书馆,2004 |
| 359页;20cm |
| ISBN 7-100-03925-8:CNY20.00 |
| 本书主要内容包括:环境法律责任的基本范畴、环境民事法律责任、环境行政法律责任、环境刑事法律责任。 |
| ● |
| 相关链接 |
|
|
|
|
正题名:环境法律责任研究
索取号:D922.684/390
 
预约/预借
| 序号 | 登录号 | 条形码 | 馆藏地/架位号 | 状态 | 备注 |
| 1 | 0365936 | 3659366 | 第一样本阅览室/ [索取号:D922.684/390] | 在馆 | |
| 2 | 0365937 | 3659375 | 第一借阅区/ [索取号:D922.684/390] | 在馆 | |
| 3 | 0365938 | 3659384 | 第一借阅区/ [索取号:D922.684/390] | 在馆 |